|
|
|
|
| LEADER |
00710ntm a2200181 i 4500 |
| 001 |
misc46908 |
| 005 |
20201001133430.0 |
| 008 |
200520s1908 hu o 0|| hun d |
| 040 |
|
|
|a SZTE Miscellanea Repozitórium
|b hun
|
| 041 |
|
|
|a hun
|
| 100 |
1 |
|
|a Sági János
|
| 245 |
1 |
0 |
|a Sági János levele a magyar királyi belügyminiszterhez a cigánykérdés tárgyában
|h [elektronikus dokumentum] /
|c Sági János
|
| 260 |
|
|
|c 1908-02-13
|
| 300 |
|
|
|a 3 p.
|
| 561 |
|
|
|a Herrmann Antal hagyaték
|
| 695 |
|
|
|a cigánykérdés, kóbor cigányok, cigányok letelepítése, törvényjavaslat
|
| 700 |
0 |
1 |
|a Andrássy Gyula
|
| 856 |
4 |
0 |
|u http://misc.bibl.u-szeged.hu/46908/1/hermann_antal_ms_1934_004_egyeb_146.pdf
|z Dokumentum-elérés
|